000 00499ntaaa2200193 4500
003 01
005 20251027202924.0
008 0714s1973 ag 01
040 _aAR-BaBN
_bspa
_cAR-BaBN
_eaacr
_dRIC
082 _a922.0000 W97
100 _aStacey, John
_929739
245 _aJohn Wyclif and reform
250 _a1 ed.
260 _aPhiladelphia :
_bWestminster Press,
_cc1964
300 _a169 p
500 _aBiografĂ­a de Juan Wyclif (1320-1382)
650 _aWyclif, Juan
_929740
942 _cBK
999 _c24460
_d24460